00501nam a2200193 a 4500001001300000003000900013005001700022008004100039020002300080082001300103100002300116245002300139260003500162300000900197500003500206505001700241650002600258700002300284nice12345678IN_TiNIC20260116012735.0050524s1970 atla grp 000 0 eng  a0804296 c10000a231bBAK aBaker, John Austin aFoolishness of God aAtlantabJohn Knox Pressc1970 a409p aincludes index and biblioraphy2 aBibliography aGod-Biblical Teaching1 aBaker, John Austin